000 00823nmc a2200313 a 4500
003 AR-BaBNM
005 20251128204347.0
008 215019s1992 ||||||||||||||000 | spa||
020 _a950-9732-1-X
040 _cAR-BaBNM
100 1 _aCabal, Graciela Beatriz
245 1 0 _a¿Para qué sirven las leyes?
250 _a3ª ed.
260 _aBuenos Aires
_bCoquena Grupo Editor
_c1992
300 _a16 p.
_bil.
490 0 _aEntender y participar
_vv. 2
521 _aPRIMARIO
650 4 _aEDUCACION CIVICA
650 4 _aCIENCIAS POLITICAS
650 4 _aCIENCIAS SOCIALES
650 4 _aLEGISLACION ARGENTINA
650 4 _aTRIBUNALES
650 4 _aSISTEMAS JURIDICOS
650 4 _aDERECHO CONSTITUCIONAL
651 4 _aArgentina
700 1 _aKern, Sergio
_eilustrador
942 _cBK
998 _cHector
999 _c7150
_d7150